Counting Literature Characters Quiz Stats

 Plays Quiz Updated Jun 26, 2017

Support Sporcle.
Go Orange.
Score 0/60 Timer 06:00
0 Plays Today
% Correct
The Grinch
94%
Bella
93.8%
Edward
91.9%
Katniss
91.7%
Romeo
91.1%
Juliet
91%
Gandalf
89.5%
Frodo
89.1%
Snape
87.7%
Legolas
85.2%
Peeta
85.1%
Jacob
85%
Aragorn
84.8%
Umbridge
83.8%
Mercutio
83.8%
Samwise
83.7%
Cindy Lou Who
83.3%
Quirrell
83.2%
Boromir
82.6%
Jane
82.3%
Gimli
81.9%
Lockhart
81.8%
Elizabeth
81.6%
Aramis
81.6%
D'Artagnan
81.4%
Lady Montague
81.3%
Athos
81%
Lupin
80.7%
Lucy
80.1%
Porthos
79.7%
% Correct
Moody
78.7%
Oliver
76.9%
Mary
76.7%
Edmund
76%
Tybalt
76%
Grey Wind
75.8%
Meriadoc
75.4%
Peregrin
74.5%
Peter
73.3%
Haymitch
73.2%
Lydia
72.4%
David
69.4%
Shaggydog
69.3%
Susan
69.2%
Ghost
68.8%
Nymeria
66.8%
Nicholas
66.1%
Barnaby
65.8%
Lady
63.2%
Carrow
62.8%
Kitty
59.3%
Summer
57%
Paris
55.5%
Benny
52%
Edwin
51.4%
Max
50.3%
Henry
48.1%
Jessie
46.4%
Martin
40.9%
Violet
34.3%

You're not logged in!

Compare scores with friends on all Sporcle quizzes.
OR
Log In
Forgot?

From the Vault

Big 4 4-Letter Teams Match-Up

by teddy109768

If we had our own sports team, we'd call it the Sporcle Oranges.
Remove Ads.
Support Sporcle.
Get the best of Sporcle when you Go Orange. This ad-free experience offers more features, more stats, and more fun while also helping to support Sporcle. Thank you for becoming a member.

Show Comments

Extras

Top Quizzes Today


Score Distribution

Your Account Isn't Verified!

In order to create a playlist on Sporcle, you need to verify the email address you used during registration. Go to your Sporcle Settings to finish the process.

Report this User

Report this user for behavior that violates our Community Guidelines.

Details: